000 01655nam a22002057a 4500
005 20260618115433.0
008 260618b |||||||| |||| 00| 0 spa d
020 _a978-9945-513-21-9
040 _a IDEICE, Instituto Dominicano de Evaluación e Investigación de la Calidad Educativa
_cIDEICE
_eRDA
082 _aIDEICE 371.26 Ins 59c
110 _a IDEICE, Instituto Dominicano de Evaluación e Investigación de la Calidad Educativa
245 _aCaracterísticas de los hogares de los estudiantes Sexto grado de Primaria en el contexto de la Evaluación Diagnóstica de 2022
_cIDEICE
260 _aSanto Domingo, República Dominicana
_bIDEICE
_c2025
300 _c70p.
505 _aLa Evaluación Diagnóstica Nacional de Sexto grado (2022) ofrece una visión actualizada del aprendizaje estudiantil en la República Dominicana tras la pandemia, mediante un riguroso diseño muestral con estándares de confiabilidad internacional. El informe analiza información clave proveniente de estudiantes, docentes y familias, con especial énfasis en los datos de la Encuesta Familiar, para comprender cómo las condiciones del hogar, la relación familia–escuela y el contexto socioeconómico influyen en el rendimiento académico.
650 _aEducación--República Dominicana; Evaluación educativa--República Dominicana; Nivel primario-prueba diagnóstica-; familia-escuela; rendimiento académico.
710 _aIDEICE
856 _uhttps://ideice.gob.do/documentacion/publicaciones-id-225-caracteristicas-de-los-hogares-de-los-estudiantes-sexto-grado-de-primaria-en-el-contexto-de-la-evaluacion-diagnostica-de-2022
942 _2ddc
_cLIB
_n0
999 _c14667
_d14667